000 00829nam a22002057a 4500
999 _c3971
_d3971
003 AR-CdUCM
008 190307b ||||| |||| 00| 0 spa d
040 _aMUNICIPALIDAD PROVINCIAL DEL CUSCO
_cBIBLIOTECA MUNICIPAL DEL CUSCO
082 _a869.56 /
_bF79
100 _aFox, Lucía de
_912698
245 _aEnsayos hispano-americanos /
260 _aCaracas :
_bImpresores sur.
_c1966.
300 _a111 paginas ;
_c20 cm.
505 _aContenido :Andes Bello y Simón Rodríguez, dos maestros de primer orden -- El parentesco entre Poe y Dario -- Los motivos poéticos de Cesar Vallejo -- La realidad en Julio Cortazar -- El rostro de la patria en la poesía peruana ...
650 _aEnsayos
_9375
650 _aLiteratura peruana
_9169
650 _aLiteratura en el siglo xx
_912699
942 _2ddc
_cLIBROS
945 _arum